000 00577nam a2200193Ia 4500
003 GCL
008 140319s9999 xx 000 0 ara d
040 _aGCL /
_cGCL
082 0 4 _a822.008
_bا ف
100 1 _aاوديتس، كلفورد
245 1 0 _aالفتى الذهبى /
_cاوديتس، كلفورد
700 1 _aشوقى السكرى
300 _a183 ص
490 _aالالف كتاب
_v0
650 0 4 _aالمسرح الامريكى
650 0 4 _aالمسرحيات العالمية
650 0 4 _aالمسرحيات الامريكية
942 _2ddc
_cBK
999 _c45643
_d45643